Catálogo

RAICES DE LA INSURGENCIA EN MEXICO : (Registro nro. 57330)

Detalles MARC
000 -LEADER
fixed length control field 01231nam a2200229 a 4500
001 - CONTROL NUMBER
control field 57330
005 - DATE AND TIME OF LATEST TRANSACTION
control field 20180714053454.0
008 - FIXED-LENGTH DATA ELEMENTS--GENERAL INFORMATION
fixed length control field 140415s1990 mx 000 0 spa d
020 ## - INTERNATIONAL STANDARD BOOK NUMBER
International Standard Book Number 9681633725
041 ## - LANGUAGE CODE
Language code of text/sound track or separate title spa
082 ## - DEWEY DECIMAL CLASSIFICATION NUMBER
Classification number 972.032
Item number HAM
100 1# - MAIN ENTRY--PERSONAL NAME
Personal name HAMNETT, BRIAN R.
245 10 - TITLE STATEMENT
Title RAICES DE LA INSURGENCIA EN MEXICO :
Remainder of title HISTORIA REGIONAL 1750-1824
250 ## - EDITION STATEMENT
Edition statement 1a ed.
260 ## - PUBLICATION, DISTRIBUTION, ETC.
Place of publication, distribution, etc. MEXICO :
Name of publisher, distributor, etc. FONDO DE CULTURA ECONOMICA,
Date of publication, distribution, etc. 1990
300 ## - PHYSICAL DESCRIPTION
Extent 297
Dimensions 15.3 x 1.3 x 23
490 ## - SERIES STATEMENT
Series statement SECCION DE OBRAS DE HISTORIA
520 ## - SUMMARY, ETC.
Summary, etc. LA DESIGUALDAD SOCIAL, LOS PRIVILEGIOS DE CLASE, LA EXPLOTACION LABORAL, EL DESCONTENTO DE LA BURGUESIA PROVINCIANA MARGINADA DE LOS CARGOS PUBLICOS, EL MONOPOLIO EL COMERCIO POR LA CORONA ESPAÑOLA, FUERON ALGUNAS DE LAS CAUSAS DETERMINANTES DE LA INSURRECION DE 1810 EN MEXICO. LA REVISION DE ESTOS Y OTROS FACTORES DESDE SU INICIO HASTA EL MOMENTO DEL ESTALLIDO ARMADO QUE DIO ORIGEN A LA INDEPENDENCIA DEL PAIS Y A LA CONSTITUCION DE 1824 ES EL INTERES CENTRAL DE RAICES DE LA INSURGENCI
650 14 - SUBJECT ADDED ENTRY--TOPICAL TERM
Topical term or geographic name entry element MEXICO
General subdivision HISTORIA
-- MEXICO
-- HISTORIA
-- GUERRA DE INDEPENDENCIA, 1810
-- 1821
700 1# - ADDED ENTRY--PERSONAL NAME
Personal name BARCENA, AGUSTIN
Relator term tr.
740 ## - ADDED ENTRY--UNCONTROLLED RELATED/ANALYTICAL TITLE
Uncontrolled related/analytical title ROOTS OF INSURGENCY. MEXICAN REGIONS, 1750-1824
Existencias
Withdrawn status Lost status Source of classification or shelving scheme Damaged status Not for loan Collection code Home library Current library Shelving location Date acquired Source of acquisition Inventory number Total Checkouts Total Renewals Full call number Barcode Date last seen Date last checked out Price effective from Koha item type
    Dewey Decimal Classification     General Biblioteca Karol Wojtyla Biblioteca Karol Wojtyla Sala general 03/12/2013 Compra 151000000000000000037701 2 1 972.032 HAM 86649 05/01/2026 08/02/2020 03/12/2013 Libro